000 01528nam a22004577a 4500
003 OSt
005 20230524124659.0
008 221006b |||||||| |||| 00| 0 eng d
040 _cBiblioteca Lado V
082 _a700
_bA786l
110 _9830
_aARTEDER
_eEditor
245 _aLAPIZ/
_bRevista Mensual de Arte/
260 _bFeria internacional de Bilbao
_c2001
_aEspaña
300 _c22x29cm
_a106p.
366 _espa
490 _a178
_vXX
505 _aEditorial
505 _aEl Espectaculo de las imagenes
505 _aLucidez y anticipación
505 _aLa pintura al servicio de la nación
505 _aEl arte de la gran guerra
505 _aBasquet Report
505 _aFlora Necrologica
505 _aChristoph Draeger
505 _aAlberto Carneiro
505 _aSobre la adolescencia
505 _aMalba
505 _aCronicas de Exposiciones
505 _aActualidad
505 _aPublicaciones
650 _2Tesauro de Arte & Arquitectura
_aARTE
_9703
650 _2Tesauro de Arte & Arquitectura
_aARQUITECTURA
650 _2Tesauro de Arte & Arquitectura
_aFOTOGRAFIA
_9702
650 _2Tesauro de Arte & Arquitectura
_aENTREVISTAS
650 _2Tesauro de Arte & Arquitectura
_aARQUEOLOGIA
650 _2Tesauro de Arte & Arquitectura
_aREPORTAJES
650 _2Tesauro de Arte & Arquitectura
_aLIBROS
650 _2Tesauro de Arte & Arquitectura
_aNOTICIAS
651 _2Tesauro de Arte & Arquitectura
_aSUBASTAS
942 _2ddc
_c1
_h700
_iA786l
_n0
999 _c3709
_d3709